000
00274nam a2200097Ia 4500
005
20251222113743.0
008
251222s1900||||xx |||||||||||||| ||spa||
082
_a
DVD0090/B27/2004
245
0
_a
Karol: el hombre que se convirtió en Papa:Karol: a man who became Pope
942
_c
DVD
999
_c
677
_d
677